| 000 | 00388cam a2200157ua 4500 | ||
|---|---|---|---|
| 041 |
_aeng _h |
||
| 082 |
_a332.1 _bTAN/BA |
||
| 100 | _aTannan, M L . | ||
| 245 |
_aBanking law and practices in India / _cM L Tannan. _hTextual Documents |
||
| 250 |
_a11 / _b. |
||
| 260 |
_aBombay : _bThacker&Co.Ltd , _c1965. |
||
| 300 | _a614 ; . | ||
| 504 | _a | ||
| 942 | _cBK | ||
| 999 |
_c11913 _d11913 |
||